[Event "Wch Blitz"]
[Site "New York"]
[Date "2024.12.30"]
[Round "9"]
[White "Wong, Hayoung Christopher"]
[Black "Ling, Chenxuan"]
[Result "0-1"]
[WhiteElo "1704"]
[BlackElo "2063"]
[PlyCount "59"]
[EventDate "2024.12.30"]
[EventType "swiss (blitz)"]
[EventRounds "13"]
[EventCountry "USA"]
[SourceTitle "CB01_2025"]
[SourceDate "2025.01.01"]
[SourceVersion "1"]
[SourceVersionDate "2025.01.01"]
[SourceQuality "1"]

1. d4 Nf6 2. Nf3 e6 3. c4 d5 4. Nc3 Be7 5. Bg5 0-0 6. e3 h6 7. Bh4 b6 8. cxd5 exd5 9. Ne5 Bb7 10. Bd3 Nbd7 11. f4 c5 12. 0-0 a6 13. Rf3 Ne4 14. Bxe4 dxe4 15. Bxe7 Qxe7 16. Rg3 Rad8 17. Qg4 f5 18. Qh5 Nxe5 19. fxe5 Kh8 20. Ne2 Qf7 21. Qh4 Kh7 22. Rf1 Qc4 23. Nf4 cxd4 24. e6 Rde8 25. exd4 Qxd4+ 26. Kh1 Qf6 27. Qh5 g5 28. Nh3 g4 29. Nf4 Qg5 30. Qxg5 0-1

[Event "Wch Rapid"]
[Site "New York"]
[Date "2024.12.28"]
[Round "10"]
[White "Wong, Hayoung Christopher"]
[Black "Pereira, Fabian1"]
[Result "0-1"]
[WhiteElo "1704"]
[BlackElo "2148"]
[PlyCount "74"]
[EventDate "2024.12.26"]
[EventType "swiss (rapid)"]
[EventRounds "13"]
[EventCountry "USA"]
[SourceTitle "CB01_2025"]
[SourceDate "2025.01.01"]
[SourceVersion "1"]
[SourceVersionDate "2025.01.01"]
[SourceQuality "1"]

1. d4 Nf6 2. Nf3 g6 3. g3 Bg7 4. Bg2 0-0 5. 0-0 d6 6. c4 c6 7. Nc3 Nbd7 8. e4 e5 9. Re1 Qc7 10. b3 Re8 11. Bb2 a5 12. Rc1 exd4 13. Nxd4 Nc5 14. Qc2 Bd7 15. a3 Rad8 16. b4 axb4 17. axb4 Ne6 18. Nb3 h5 19. Qd2 h4 20. b5 Bc8 21. Ra1 Ng4 22. Qe2 Nc5 23. Nxc5 dxc5 24. Na4 Bd4 25. Bxd4 cxd4 26. b6 Qe7 27. Qc2 hxg3 28. hxg3 Qg5 29. f3 d3 30. Qb2 d2 31. Red1 Qe3+ 32. Kh1 Nf2+ 33. Kh2 Nxd1 34. Rxd1 Qh6+ 35. Kg1 Bh3 36. Kf2 Bxg2 37. Kxg2 Qe3 0-1

[Event "Wch Rapid"]
[Site "New York"]
[Date "2024.12.27"]
[Round "6"]
[White "Wong, Hayoung Christopher"]
[Black "Blohberger, Felix"]
[Result "0-1"]
[WhiteElo "1704"]
[BlackElo "2423"]
[PlyCount "107"]
[EventDate "2024.12.26"]
[EventType "swiss (rapid)"]
[EventRounds "13"]
[EventCountry "USA"]
[SourceTitle "CB01_2025"]
[SourceDate "2025.01.01"]
[SourceVersion "1"]
[SourceVersionDate "2025.01.01"]
[SourceQuality "1"]

1. d4 Nf6 2. Nf3 e6 3. c4 h6 4. Nc3 Bb4 5. Qc2 c5 6. e3 cxd4 7. exd4 0-0 8. Bd3 d5 9. c5 b6 10. a3 Bxc3+ 11. Qxc3 a5 12. b4 Ne4 13. Qb2 bxc5 14. dxc5 Ba6 15. Bxa6 Nxa6 16. 0-0 Rb8 17. Qe2 Qc8 18. Bf4 Ra8 19. Nd2 axb4 20. Nxe4 dxe4 21. Bd6 Rd8 22. axb4 Nxb4 23. Qxe4 Nd5 24. f4 Rxa1 25. Rxa1 Qc6 26. Qa4 Qxa4 27. Rxa4 f6 28. Kf2 Rd7 29. Kf3 Kf7 30. Ra8 h5 31. h3 Rb7 32. Ra3 Rb1 33. Ra7+ Kg6 34. Rd7 Rb3+ 35. Kf2 Rc3 36. g4 Rc2+ 37. Kf3 Rc3+ 38. Kg2 hxg4 39. hxg4 Ne3+ 40. Kh3 Nf5+ 41. Kh2 Nh6 42. g5 Ng4+ 43. Kg2 Ne3+ 44. Kf2 Nf5 45. Bf8 fxg5 46. fxg5 Kxg5 47. Bxg7 Rxc5 48. Bf8 Rc2+ 49. Kf3 Rc3+ 50. Ke2 Kf4 51. Kd2 Rb3 52. Rc7 e5 53. Bg7 e4 54. Ke2 0-1